000 00435nam a2200169 i 4500
001 49117
003 ES-MaACL
005 20230906161905.0
007 t|
008 030708s1967 sp ||||1| spa d
100 1 _aCorredor, Josep M.
_940773
245 1 0 _aCasals /
_cJ. Mª Corredor.
250 _a1ª ed.
260 _aBarcelona :
_bDestino,
_c[1967]
300 _a149 p. :
_bil. ;
_c24 cm.
852 _aES-MaACL
_jC-33445
_bR.49220
999 _c49117
_d49117